Guess Location by Clues - #1 - Statistics

General Stats
  • This quiz has been taken 16 times
  • The average score is 19 of 20
Answer Stats
Answer % Correct
1
100%
2
100%
3
100%
4
100%
5
100%
6
100%
7
100%
8
100%
9
100%
10
93%
11
93%
12
93%
13
93%
14
93%
15
87%
16
87%
17
87%
18
87%
19
87%
Birmingham, UK
67%
No matching quizzes found
Score Distribution
Percent of People with Each Score
Percentile by Number Answered
Your Score History
You have not taken this quiz